000 00160 a2200085 4500
100 _aBora Egemen
245 _aHadi be oğlum
260 _c2018
264 _c2018
999 _c200431179
_d49391